[Event "22e tournoi de Noël"]
[Site "Montigny le Bretonneux"]
[Date "2023.12.29"]
[Round "6.16"]
[White "Marandas, Yanis"]
[Black "Corbillet, Mathieu"]
[Result "0-1"]
[WhiteElo "1099"]
[BlackElo "1460"]
[Annotator "Rivier,Sylvain"]
[PlyCount "106"]
[EventDate "2023.??.??"]
[WhiteTeam "Reims Echec et Mat"]
[BlackTeam "La Dame Noire"]

{Début Reti, système Barcza} 1. Nf3 Nc6 2. g3 d5 3. Bg2 Nf6 4. d3 e5 5. Bg5
h6 6. Bxf6 Qxf6 7. Nbd2 Be6 8. O-O Bd6 9. e4 d4 10. Nc4 Bxc4 11. dxc4 O-O 12.
Qe2 Rad8 13. Rad1 Bc5 14. Nh4 Ne7 15. Nf3 Ng6 16. a3 Bb6 17. b4 c5 18. Rfe1 Qe7
19. Rb1 Ra8 20. b5 a6 21. bxa6 Rxa6 22. Red1 Qd6 23. Qd3 Rfa8 24. Qb3 R8a7 25.
c3 Ba5 26. cxd4 cxd4 27. Qb5 Rb6 28. c5 Rxb5 29. cxd6 Rxb1 30. Rxb1 b6 31. Rb5
Rd7 32. Rd5 f6 33. Bh3 Rd8 34. d7 Nf8 35. Kg2 Kf7 36. Kf1 g5 37. Ke2 Ke7 38. a4
Nxd7 39. Bxd7 Rxd7 40. Rxd7+ Kxd7 41. Kd3 Kc6 42. Kc4 Bc3 43. h3 Kb7 44. Kb5 d3
45. g4 d2 46. Nxd2 Bxd2 47. f3 Be1 48. Kc4 Kc6 49. Kb3 Kc5 50. Ka3 Kd4 51. Kb3
Ke3 52. Kc4 Kxf3 53. Kb5 Bf2 0-1

[Event "22e tournoi de Noël"]
[Site "Montigny le Bretonneux"]
[Date "2023.12.29"]
[Round "6.17"]
[White "Rauche, Michel"]
[Black "Nicol, Christian"]
[Result "0-1"]
[WhiteElo "1308"]
[BlackElo "1534"]
[Annotator "Rivier,Sylvain"]
[PlyCount "68"]
[EventDate "2023.??.??"]
[WhiteTeam "C.E. Fontenay le Fleury Les Fous Furieux"]
[BlackTeam "Saint-Quentin en Yvelines"]

{Gambit dame accepté} 1. d4 e6 2. c4 d5 3. Nc3 dxc4 4. e3 a6 5. Bxc4 b5 6. Bd3
Bb7 7. Nf3 Bb4 8. O-O Qf6 9. Ne4 Qd8 10. a3 Be7 11. b4 Nd7 12. Bb2 Ngf6 13. Qc2
Nxe4 14. Bxe4 Bxe4 15. Qxe4 O-O 16. Rac1 Nf6 17. Qc2 Nd5 18. e4 Nf4 19. Qd2 Ng6
20. Rc2 Nh4 21. Ne5 Rc8 22. Nc6 Qd7 23. f4 f5 24. exf5 Nxf5 25. Re1 Bf6 26. Ne5
Bxe5 27. fxe5 Ne7 28. Re4 Nd5 29. Rg4 Qf7 30. Rc1 Qf5 31. Qe2 Rf7 32. Rf1 Qxf1+
33. Qxf1 Rxf1+ 34. Kxf1 Ne3+ 0-1

[Event "22e tournoi de Noël"]
[Site "Montigny le Bretonneux"]
[Date "2023.12.29"]
[Round "6.18"]
[White "Garabedian, Christophe"]
[Black "Un, Prathna"]
[Result "0-1"]
[WhiteElo "1199"]
[BlackElo "1199"]
[Annotator "Rivier,Sylvain"]
[PlyCount "78"]
[EventDate "2023.??.??"]
[WhiteTeam "La Dame Noire"]
[BlackTeam "La Dame Noire"]

{Ouverture du pion dame} 1. d4 Nf6 2. Bf4 e6 3. Nf3 Bd6 4. Bg3 O-O 5. e3 Nc6 6.
c3 Qe7 7. Bd3 g6 8. Nbd2 e5 9. Ne4 exd4 10. Nxf6+ Qxf6 11. cxd4 b6 12. Qc2 Bb7
13. O-O-O Nb4 14. Qb3 a5 15. Bh4 a4 16. Qc4 Qe6 17. Qxe6 dxe6 18. a3 Nd5 19. h3
Rac8 20. g4 f6 21. Rdg1 g5 22. Bg3 e5 23. h4 Rce8 24. hxg5 e4 25. g6 exd3 26.
gxh7+ Kh8 27. Kd2 Re7 28. Nh4 Rxh7 29. Ng6+ Kg7 30. Nxf8 Bxf8 31. Rxh7+ Kxh7
32. e4 Ne7 33. Bxc7 Bxe4 34. Bxb6 Bh6+ 35. Kc3 d2 36. Rd1 Nd5+ 37. Kc4 Nxb6+
38. Kb5 Nd5 39. Kxa4 Bc2+ 0-1

[Event "22e tournoi de Noël"]
[Site "Montigny le Bretonneux"]
[Date "2023.12.29"]
[Round "6.19"]
[White "Phelippot, Gabriel"]
[Black "Carbonero, Jean Marc"]
[Result "1-0"]
[WhiteElo "1199"]
[BlackElo "1009"]
[Annotator "Rivier,Sylvain"]
[PlyCount "91"]
[EventDate "2023.??.??"]
[WhiteTeam "Kamogawa Chess Club"]
[BlackTeam "Saint-Quentin en Yvelines"]

{Partie italienne} 1. e4 e5 2. Nf3 Nc6 3. Bc4 d6 4. O-O Be7 5. c3 Bd7 6. d4 Na5
7. Bb3 b5 8. dxe5 Nxb3 9. Qxb3 a5 10. exd6 cxd6 11. Re1 a4 12. Qc2 Bg4 13. Qd3
Rb8 14. Bf4 Nf6 15. h3 Bh5 16. e5 dxe5 17. Qxd8+ Rxd8 18. Bxe5 Bxf3 19. Bxf6
gxf6 20. gxf3 Rg8+ 21. Kh2 Kf8 22. b3 Bd6+ 23. Kh1 Bc5 24. Rf1 a3 25. b4 Bd6
26. Nxa3 Rg5 27. Rg1 Rh5 28. Rad1 Rxh3+ 29. Kg2 Rh2+ 30. Kf1 Ke7 31. Nxb5 Rd7
32. Nxd6 Rxd6 33. Rxd6 Kxd6 34. a4 Kc6 35. a5 Kb7 36. Ke2 Rh5 37. Kd3 Ka6 38.
Kc4 Rh4+ 39. Kb3 Rf4 40. Rg3 h5 41. Ka4 h4 42. Rh3 Rc4 43. Kb3 Kb5 44. Rh1 f5
45. Rd1 h3 46. Rd5+ 1-0

[Event "22e tournoi de Noël"]
[Site "Montigny le Bretonneux"]
[Date "2023.12.30"]
[Round "7.1"]
[White "Kvashyna, Tetyana"]
[Black "Imbert, Christophe"]
[Result "0-1"]
[WhiteElo "1708"]
[BlackElo "1811"]
[Annotator "Rivier,Sylvain"]
[PlyCount "98"]
[EventDate "2023.??.??"]
[WhiteTeam "Arcueil Chessland"]
[BlackTeam "Club d'Echecs du Vesinet"]

{Défense Grünfeld, variante d'échange} 1. d4 Nf6 2. Nf3 g6 3. c4 Bg7 4. Nc3
d5 5. cxd5 Nxd5 6. e4 Nxc3 7. bxc3 c5 8. Bb5+ Bd7 9. Bxd7+ Qxd7 10. O-O O-O 11.
Be3 Nc6 12. Rb1 cxd4 13. cxd4 Rac8 14. Qa4 e6 15. Rfd1 b6 16. d5 exd5 17. exd5
Ne5 18. Qxd7 Nxd7 19. Nd4 Bxd4 20. Rxd4 Rfd8 21. d6 f6 22. Rbd1 Nc5 23. h4 Rd7
24. g4 Rcd8 25. Bc1 Nb7 26. Bf4 Rc8 27. g5 f5 28. Be5 Rc6 29. Kg2 Kf7 30. R1d2
b5 31. f4 a5 32. Rd5 b4 33. Kf3 Rb6 34. Ke2 Ke6 35. Kd1 Rc6 36. Rb5 Rc5 37.
Rxc5 Nxc5 38. Rc2 Ne4 39. Rc7 Nxd6 40. Rc6 Kd5 41. Ra6 Nc4 42. Ke2 Ke4 43. Re6
Rd2+ 44. Ke1 Kd3 45. Bf6 Rxa2 46. Re7 b3 47. Rd7+ Ke3 48. Bd4+ Kf3 49. Be5 Rh2
0-1

[Event "22e tournoi de Noël"]
[Site "Montigny le Bretonneux"]
[Date "2023.12.30"]
[Round "7.2"]
[White "Appavou, Calixte"]
[Black "Kunne, Ronald"]
[Result "1/2-1/2"]
[WhiteElo "1747"]
[BlackElo "1587"]
[Annotator "Rivier,Sylvain"]
[PlyCount "46"]
[EventDate "2023.??.??"]
[WhiteTeam "Saint-Quentin en Yvelines"]
[BlackTeam "Club d'Echecs d'Orsay"]

{Défense française, variante d'avance} 1. e4 e6 2. d4 d5 3. e5 c5 4. c3 Nc6
5. Nf3 Bd7 6. Bd3 cxd4 7. cxd4 Qb6 8. Bc2 Rc8 9. Nc3 Nge7 10. O-O Ng6 11. Bb3
Na5 12. Ba4 Bxa4 13. Qxa4+ Nc6 14. Qd1 Be7 15. h3 O-O 16. Ne2 f6 17. exf6 Bxf6
18. b3 Nh4 19. Nxh4 Bxh4 20. Be3 Bf6 21. Rc1 Qa5 22. a4 Qb4 23. Bd2 Qb6 1/2-1/2

[Event "22e tournoi de Noël"]
[Site "Montigny le Bretonneux"]
[Date "2023.12.30"]
[Round "7.3"]
[White "Prevost, Yvan"]
[Black "Lim, Chin"]
[Result "1-0"]
[WhiteElo "1272"]
[BlackElo "1885"]
[Annotator "Rivier,Sylvain"]
[PlyCount "105"]
[EventDate "2023.??.??"]
[WhiteTeam "Club d'Echecs de Guyancourt"]
[BlackTeam "La Dame Noire"]

{Défense Pirc} 1. e4 d6 2. d4 Nf6 3. Nc3 g6 4. Bd3 Bg7 5. Be3 Nc6 6. h3 e5 7.
d5 Ne7 8. f3 a6 9. Qd2 b5 10. Nge2 Bd7 11. Nd1 O-O 12. g4 c5 13. c4 b4 14. b3
a5 15. h4 h5 16. g5 Ne8 17. a3 f5 18. a4 Nc7 19. Rf1 fxe4 20. fxe4 Rxf1+ 21.
Kxf1 Bh3+ 22. Kg1 Qd7 23. Nf2 Rf8 24. Kh2 Bg4 25. Ng1 Nf5 26. exf5 gxf5 27.
Nxg4 hxg4 28. Rf1 f4 29. Bf2 e4 30. Be2 Be5 31. Kg2 f3+ 32. Bxf3 exf3+ 33. Kh1
g3 34. Bxg3 Bxg3 35. Qd3 Qh7 36. Qxh7+ Kxh7 37. Rxf3 Rxf3 38. Nxf3 Bf4 39. h5
Nxd5 40. cxd5 c4 41. g6+ Kh6 42. Nd4 Be5 43. Nf5+ Kxh5 44. Ne3 c3 45. Kg2 Kxg6
46. Kf3 Bf6 47. Ke4 Kg5 48. Kd3 Kf4 49. Nc4 Bd4 50. Nxa5 Ke5 51. Nc6+ Kxd5 52.
Nxd4 Kc5 53. Nc2 1-0

[Event "22e tournoi de Noël"]
[Site "Montigny le Bretonneux"]
[Date "2023.12.30"]
[Round "7.4"]
[White "Artieres, Michel"]
[Black "Martin, Gabriel"]
[Result "0-1"]
[WhiteElo "1665"]
[BlackElo "1400"]
[Annotator "Rivier,Sylvain"]
[PlyCount "90"]
[EventDate "2023.??.??"]
[WhiteTeam "La Dame Noire"]
[BlackTeam "Club d'Echecs d'Orsay"]

{Défense sicilienne, variante Rossolimo} 1. e4 c5 2. Nf3 Nc6 3. Bb5 e6 4. O-O
Nge7 5. c3 a6 6. Ba4 b5 7. Bc2 Bb7 8. d3 Qc7 9. Re1 h6 10. Nbd2 d5 11. e5 d4
12. cxd4 Nxd4 13. Nxd4 cxd4 14. a4 Nf5 15. Ne4 Qxe5 16. f4 Qd5 17. Bb3 Qc6 18.
Bd2 Be7 19. Rc1 Qb6 20. a5 Qa7 21. Qh5 O-O 22. g4 Nh4 23. g5 hxg5 24. fxg5 Bd5
25. Bxd5 exd5 26. Qxh4 dxe4 27. Rxe4 Qd7 28. Rf1 f5 29. Rxe7 Qxe7 30. Re1 Qf7
31. Qg3 g6 32. Bf4 Rfe8 33. Be5 Rac8 34. Qh4 Qh7 35. Qxd4 Rc2 36. Qd5+ Qf7 37.
Qd4 Rec8 38. Qf4 Qd5 39. Qg3 Rc1 40. d4 Rxe1+ 41. Qxe1 Rc2 42. Qg3 Qe4 43. Qb3+
Rc4 44. Qh3 Qe1+ 45. Qf1 Qe3+ 0-1

[Event "22e tournoi de Noël"]
[Site "Montigny le Bretonneux"]
[Date "2023.12.30"]
[Round "7.5"]
[White "Almeida, Oscar Coelho"]
[Black "Barthere, Gilles"]
[Result "1-0"]
[WhiteElo "1617"]
[BlackElo "1353"]
[Annotator "Rivier,Sylvain"]
[PlyCount "73"]
[EventDate "2023.??.??"]
[WhiteTeam "Saint-Quentin en Yvelines"]
[BlackTeam "CE Le Roi Soleil - Le Chesnay - Versailles"]

{Défense sicilienne} 1. e4 c5 2. Nf3 d6 3. d4 cxd4 4. Nxd4 Nf6 5. Bd3 e6 6.
Be3 Be7 7. Nd2 O-O 8. O-O b6 9. Qe2 Bb7 10. f3 Nc6 11. Nxc6 Bxc6 12. Rfc1 d5
13. Bf2 dxe4 14. Nxe4 Nd5 15. Rd1 Nf4 16. Qe1 Nxd3 17. Rxd3 Qc7 18. a3 Rad8 19.
Rad1 Rxd3 20. Rxd3 Rd8 21. Rc3 Qb7 22. Re3 Rc8 23. c3 Bd5 24. Bg3 Rd8 25. h3 f5
26. Nf2 g5 27. Be5 h5 28. Bd4 g4 29. hxg4 hxg4 30. Rxe6 Kf7 31. Re5 Qd7 32.
fxg4 fxg4 33. Nxg4 Bxg2 34. Qf2+ Bf3 35. Qxf3+ Kg6 36. Qe4+ Kf7 37. Qh7+ 1-0

[Event "22e tournoi de Noël"]
[Site "Montigny le Bretonneux"]
[Date "2023.12.30"]
[Round "7.6"]
[White "Selores Granjo, Gilberto"]
[Black "Duget, Long Jc"]
[Result "0-1"]
[WhiteElo "1423"]
[BlackElo "1544"]
[Annotator "Rivier,Sylvain"]
[PlyCount "62"]
[EventDate "2023.??.??"]
[WhiteTeam "C.E. Fontenay le Fleury Les Fous Furieux"]
[BlackTeam "ECHECS 78"]

{Défense sicilienne, système fermé} 1. e4 c5 2. Nc3 g6 3. f4 Bg7 4. Nf3 a6
5. Bc4 e6 6. d3 Ne7 7. O-O O-O 8. Qe1 Nbc6 9. Qh4 d5 10. Bb3 b5 11. a3 c4 12.
dxc4 dxc4 13. Ba2 Nd4 14. Bb1 Nxf3+ 15. Rxf3 Nc6 16. Qf2 Nd4 17. Be3 Nxf3+ 18.
Qxf3 Bb7 19. Bc5 Bd4+ 20. Bxd4 Qxd4+ 21. Kf1 f5 22. Qd1 Qxd1+ 23. Nxd1 Bxe4 24.
Nf2 Bd5 25. c3 Rfe8 26. Bc2 a5 27. Re1 Kf7 28. g4 h6 29. h4 Rab8 30. Nh3 b4 31.
gxf5 gxf5 {suite illisible} 0-1

[Event "22e tournoi de Noël"]
[Site "Montigny le Bretonneux"]
[Date "2023.12.30"]
[Round "7.7"]
[White "Laot, Celestin"]
[Black "Imbert, Nicolas"]
[Result "1/2-1/2"]
[WhiteElo "1199"]
[BlackElo "1399"]
[Annotator "Rivier,Sylvain"]
[PlyCount "86"]
[EventDate "2023.??.??"]
[WhiteTeam "Club d'Echecs de Triel sur Seine"]
[BlackTeam "Saint-Quentin en Yvelines"]

{Gambit damed, variante Tarrasch, variante de Prague} 1. d4 e6 2. c4 d5 3. Nf3
Nf6 4. g3 c5 5. cxd5 exd5 6. Bg2 Be7 7. O-O O-O 8. dxc5 Bxc5 9. e3 Nc6 10. Nc3
Bg4 11. Qc2 Nb4 12. Qb1 Ne4 13. Nxe4 Bf5 14. Nfd2 dxe4 15. Bxe4 Bxe4 16. Nxe4
Be7 17. a3 Nc6 18. b4 Qc7 19. Qc2 Rac8 20. Bb2 Rfd8 21. Rfd1 Rxd1+ 22. Rxd1 Rd8
23. Rxd8+ Qxd8 24. Qd2 Qxd2 25. Nxd2 a6 26. Ne4 f5 27. Nc5 Bxc5 28. bxc5 Na5
29. Kg2 Nc4 30. Bc1 Kf7 31. f3 Ke6 32. e4 fxe4 33. fxe4 Ke5 34. Kf3 Kd4 35. Kf4
Kxc5 36. Kf5 Kd6 37. e5+ Ke7 38. Bg5+ Ke8 39. Bc1 b5 40. Ke6 a5 41. Kd5 Kd7 42.
Kc5 Nxe5 43. Kxb5 Nc6 1/2-1/2

[Event "22e tournoi de Noël"]
[Site "Montigny le Bretonneux"]
[Date "2023.12.30"]
[Round "7.8"]
[White "Taieb, Cedric"]
[Black "Weens, William"]
[Result "0-1"]
[WhiteElo "1399"]
[BlackElo "1643"]
[Annotator "Rivier,Sylvain"]
[PlyCount "58"]
[EventDate "2023.??.??"]
[WhiteTeam "Saint-Quentin en Yvelines"]
[BlackTeam "ECHECS 78"]

{Partie du pion dame} 1. Nc3 Nf6 2. d4 d5 3. Bf4 a6 4. h3 Nc6 5. e3 g6 6. Bd3
Bg7 7. Nce2 b5 8. c3 O-O 9. Nf3 Na5 10. Nd2 Nb7 11. Bg5 c5 12. Nf3 Qc7 13. Rc1
Nd6 14. Bf4 Qb6 15. b4 cxd4 16. cxd4 Nc4 17. Nc3 e6 18. Ne5 Nd7 19. Qf3 Ndxe5
20. dxe5 Nxe5 21. Bxe5 Bxe5 22. Nxd5 exd5 23. Qxd5 Bb7 24. Qxe5 Bxg2 25. Rh2
Bf3 26. Qf4 Bh5 27. Rg2 Rac8 28. Rb1 Qc6 29. Kf1 Qc1+ 0-1

[Event "22e tournoi de Noël"]
[Site "Montigny le Bretonneux"]
[Date "2023.12.30"]
[Round "7.9"]
[White "Perrier-Perrery, Philippe"]
[Black "Mourgues, Joelle"]
[Result "0-1"]
[WhiteElo "1419"]
[BlackElo "1522"]
[Annotator "Rivier,Sylvain"]
[PlyCount "78"]
[EventDate "2023.??.??"]
[WhiteTeam "Ste Foy Echecs"]
[BlackTeam "Saint-Quentin en Yvelines"]

{Ouverture catalane} 1. d4 Nf6 2. c4 e6 3. g3 d6 4. Bg2 Nbd7 5. Nc3 c6 6. Nf3
Be7 7. O-O O-O 8. Qc2 e5 9. dxe5 dxe5 10. Rd1 Qc7 11. Bg5 Nc5 12. Bxf6 Bxf6 13.
Nd2 Be7 14. a3 Bg4 15. Bf3 Bxf3 16. Nxf3 f5 17. b4 Ne6 18. e3 b6 19. Rd2 Rad8
20. Rad1 f4 21. exf4 exf4 22. g4 Rxd2 23. Rxd2 Ng5 24. Nxg5 Bxg5 25. Ne4 Bh4
26. f3 Qe5 27. Rd1 a5 28. Qd2 axb4 29. axb4 b5 30. c5 Rd8 31. Qxd8+ Bxd8 32.
Rxd8+ Kf7 33. Nd6+ Kg6 34. h4 Qe3+ 35. Kg2 Qe2+ 36. Kg1 Qe1+ 37. Kg2 Qxh4 38.
Rg8 Qg3+ 39. Kf1 Qxf3+ 0-1

[Event "22e tournoi de Noël"]
[Site "Montigny le Bretonneux"]
[Date "2023.12.30"]
[Round "7.10"]
[White "Durez, Gerard"]
[Black "Moula, Guillaume"]
[Result "0-1"]
[WhiteElo "1378"]
[BlackElo "1514"]
[Annotator "Rivier,Sylvain"]
[PlyCount "112"]
[EventDate "2023.??.??"]
[WhiteTeam "La Dame Noire"]
[BlackTeam "La Dame Noire"]

{Ouverture anglaise, variante des quatre cavaliers} 1. c4 Nf6 2. Nc3 Nc6 3. Nf3
e5 4. e4 a6 5. d3 b5 6. b3 bxc4 7. bxc4 a5 8. a3 Be7 9. Be2 O-O 10. O-O Re8 11.
Bg5 Rb8 12. Bxf6 Bxf6 13. Nd5 d6 14. Rb1 Bd7 15. Qc2 Be7 16. Rxb8 Nxb8 17. Rb1
Na6 18. Qb2 Bf8 19. Qb7 Bc8 20. Qa7 Qd7 21. Nc3 c6 22. Qxd7 Bxd7 23. Rb6 Ra8
24. Bd1 Be7 25. Rb2 f5 26. Nd2 fxe4 27. Ndxe4 Rb8 28. Rxb8+ Nxb8 29. g3 d5 30.
cxd5 cxd5 31. Nxd5 Bxa3 32. Nb6 Bb5 33. Bb3+ Kf8 34. Bc4 Be8 35. Nc3 Nc6 36.
Nb1 Bc5 37. Na4 Bd4 38. Nbc3 Ke7 39. Kf1 Nb4 40. Ke2 Kd6 41. f3 Nd5 42. Bxd5
Bxa4 43. Nxa4 Kxd5 44. Kd2 Kc6 45. Kc2 Kb5 46. Kb3 g6 47. h3 h5 48. g4 hxg4 49.
hxg4 g5 50. Ka3 Bc5+ 51. Kb3 Bb4 52. Nb2 Kc5 53. Nc4 Kd4 54. Nb2 Bc3 55. Nd1
Bd2 56. Kc2 Bf4 0-1

[Event "22e tournoi de Noël"]
[Site "Montigny le Bretonneux"]
[Date "2023.12.30"]
[Round "7.11"]
[White "Longbien, Dominique"]
[Black "Couradin, Jean-Marie"]
[Result "0-1"]
[WhiteElo "1470"]
[BlackElo "1410"]
[Annotator "Rivier,Sylvain"]
[PlyCount "80"]
[EventDate "2023.??.??"]
[WhiteTeam "La Dame Noire"]
[BlackTeam "La Dame Noire"]

{Défense française, variante d'échange} 1. e4 e6 2. d4 d5 3. exd5 exd5 4.
Nf3 Bd6 5. Bg5 f6 6. Bh4 Ne7 7. Be2 Bf5 8. O-O O-O 9. Bg3 c6 10. Bxd6 Qxd6 11.
c3 Nd7 12. Re1 Rfe8 13. Nh4 Nf8 14. Nxf5 Nxf5 15. Nd2 Re7 16. Bh5 g6 17. Be2
Rae8 18. Nf3 Ne6 19. Bd3 Nfg7 20. g3 Nf8 21. Qd2 a6 22. Rxe7 Rxe7 23. c4 Nd7
24. Qa5 Ne6 25. Re1 Kf7 26. cxd5 Qxd5 27. Qxd5 cxd5 28. Bc2 Nb6 29. Re3 Nc4 30.
Rb3 b5 31. Rb4 Nc7 32. Rb3 Re2 33. Rc3 b4 34. Kf1 bxc3 35. Kxe2 cxb2 36. Kd3
Nb5 37. a4 Nba3 38. Ne1 b1=Q 39. Bxb1 Nxb1 40. Nc2 Nb2+ 0-1

[Event "22e tournoi de Noël"]
[Site "Montigny le Bretonneux"]
[Date "2023.12.30"]
[Round "7.12"]
[White "Ralitera, Haja"]
[Black "Ralitera, Loic"]
[Result "0-1"]
[WhiteElo "1362"]
[BlackElo "1136"]
[Annotator "Rivier,Sylvain"]
[PlyCount "100"]
[EventDate "2023.??.??"]
[WhiteTeam "Villepreux Le Fou du Roi"]
[BlackTeam "Villepreux "]

{Défense moderne} 1. e4 g6 2. d4 Bg7 3. Nf3 d6 4. Be2 b6 5. c3 Bb7 6. Nbd2 Nd7
7. O-O e6 8. Re1 Ne7 9. Bb5 a6 10. Bxd7+ Qxd7 11. Ng5 h6 12. Ngf3 O-O 13. Nf1
f5 14. exf5 gxf5 15. Qb3 Rf6 16. Bf4 Rg6 17. Nh4 Rg4 18. Qxe6+ Qxe6 19. Rxe6
Rxf4 20. Rxe7 Rxh4 21. Rxc7 Rb8 22. Re1 Re4 23. Rd1 Re2 24. Nd2 Rbe8 25. Rxb7
Rxd2 26. Rb1 Rxb2 27. Rf1 Ree2 28. h3 Rec2 29. Rb8+ Kf7 30. Rb7+ Kg6 31. Rd7
Rxc3 32. Rxd6+ Kg5 33. f4+ Kh4 34. a4 Rc4 35. g3+ Kxh3 36. Rd1 Rxa4 37. Rd5
Kxg3 38. Rd3+ Kxf4 39. Rd1 h5 40. Rf1+ Ke4 41. Rdxf5 Bxd4+ 42. Kh1 h4 43. R5f4+
Kd3 44. Rxh4 b5 45. Rd1+ Rd2 46. Rh3+ Be3 47. Re1 Re4 48. Ra1 Ra4 49. Rb1 b4
50. Rh6 Bxh6 0-1

[Event "22e tournoi de Noël"]
[Site "Montigny le Bretonneux"]
[Date "2023.12.30"]
[Round "7.13"]
[White "Gauthier, Arnaud"]
[Black "Richecoeur, Clemence"]
[Result "1-0"]
[WhiteElo "1566"]
[BlackElo "1463"]
[Annotator "Rivier,Sylvain"]
[PlyCount "57"]
[EventDate "2023.??.??"]
[WhiteTeam "C.E. Fontenay le Fleury Les Fous Furieux"]
[BlackTeam "CE Le Roi Soleil - Le Chesnay - Versailles"]

{Défense est-indienne} 1. d4 Nf6 2. c4 g6 3. Nc3 Bg7 4. e4 d6 5. g3 O-O 6. Bg2
Nbd7 7. Nf3 c5 8. Be3 Ng4 9. Bc1 cxd4 10. Nxd4 Nge5 11. h3 Nf6 12. b3 Qa5 13.
Nde2 Bd7 14. O-O Rac8 15. Bd2 Qc5 16. Be3 Qa5 17. f4 Nc6 18. Qd2 a6 19. Rac1
Ne8 20. Rfd1 Nf6 21. c5 dxc5 22. e5 Rcd8 23. exf6 Bxh3 24. Qe1 Rxd1 25. Rxd1
Bxg2 26. fxg7 Kxg7 27. Kxg2 Nb4 28. Qd2 Qc7 29. a3 1-0

[Event "22e tournoi de Noël"]
[Site "Montigny le Bretonneux"]
[Date "2023.12.30"]
[Round "7.14"]
[White "Nicol, Christian"]
[Black "Neveu, Raphael"]
[Result "0-1"]
[WhiteElo "1534"]
[BlackElo "1199"]
[Annotator "Rivier,Sylvain"]
[PlyCount "46"]
[EventDate "2023.??.??"]
[WhiteTeam "Saint-Quentin en Yvelines"]
[BlackTeam "La Dame Noire"]

{Partie du pion dame} 1. d4 d5 2. Bf4 h5 3. h3 e6 4. e3 Bd6 5. Nf3 Bxf4 6. exf4
Nc6 7. Bb5 Nge7 8. Nbd2 a6 9. Bxc6+ Nxc6 10. c3 Qf6 11. g3 Bd7 12. Nb3 b6 13.
Nc1 Ne7 14. a4 c5 15. Ne5 h4 16. Nxd7 Kxd7 17. Nd3 c4 18. Ne5+ Ke8 19. a5 b5
20. Qe2 hxg3 21. fxg3 Nf5 22. Qf3 Nd6 23. O-O-O Ne4 {suite illisible} 0-1

[Event "22e tournoi de Noël"]
[Site "Montigny le Bretonneux"]
[Date "2023.12.30"]
[Round "7.15"]
[White "Corbillet, Mathieu"]
[Black "Couradin, Bruno"]
[Result "0-1"]
[WhiteElo "1460"]
[BlackElo "1338"]
[Annotator "Rivier,Sylvain"]
[PlyCount "86"]
[EventDate "2023.??.??"]
[WhiteTeam "La Dame Noire"]
[BlackTeam "La Dame Noire"]

{Défense sicilienne, variante Rossolimo} 1. e4 c5 2. Nf3 Nc6 3. Bc4 e6 4. Nc3
Nf6 5. d3 d5 6. exd5 exd5 7. Bb5 Bd7 8. O-O a6 9. Bxc6 Bxc6 10. Re1+ Be7 11.
Bg5 O-O 12. Ne5 h6 13. Bf4 Bd7 14. Qf3 Be6 15. b3 Bd6 16. h3 Re8 17. a4 Qc7 18.
Re2 d4 19. Na2 Bd5 20. Qg3 Nh5 21. Qg4 Nxf4 22. Qxf4 Bxe5 23. Qf5 Bc6 24. Rae1
Bf6 25. b4 Rxe2 26. Rxe2 Re8 27. Rxe8+ Bxe8 28. bxc5 Bxa4 29. Nb4 Bc6 30. g4
Qe5 31. Qc8+ Kh7 32. Nxc6 bxc6 33. Qxc6 Qe6 34. Qxe6 fxe6 35. c6 Bd8 36. Kg2
Kg6 37. Kf3 Kf6 38. Ke4 Bb6 39. c7 Bxc7 40. Kxd4 Bb6+ 41. Kc4 Bxf2 42. d4 e5
43. d5 e4 0-1

[Event "22e tournoi de Noël"]
[Site "Montigny le Bretonneux"]
[Date "2023.12.30"]
[Round "7.16"]
[White "Lanfant, Kevin"]
[Black "Marandas, Yanis"]
[Result "0-1"]
[WhiteElo "1213"]
[BlackElo "1099"]
[Annotator "Rivier,Sylvain"]
[PlyCount "48"]
[EventDate "2023.??.??"]
[WhiteTeam "La Dame Noire"]
[BlackTeam "Reims Echec et Mat"]

{Partie du pion dame} 1. d4 d5 2. Nf3 Nc6 3. e3 a6 4. c4 e6 5. Nc3 Nf6 6. Bd3
b6 7. O-O Bb7 8. b3 Bb4 9. Bb2 Bxc3 10. Bxc3 O-O 11. Qc2 Ne4 12. cxd5 exd5 13.
Bxe4 dxe4 14. Qxe4 Re8 15. Qc2 Ne7 16. Rac1 Bxf3 17. gxf3 Ng6 18. Kh1 Qh4 19.
Rg1 Qh5 20. Qd1 Nh4 21. f4 Qd5+ 22. f3 Nxf3 23. Rg3 Rxe3 24. Rxf3 Rxf3 0-1

[Event "22e tournoi de Noël"]
[Site "Montigny le Bretonneux"]
[Date "2023.12.30"]
[Round "7.17"]
[White "Un, Prathna"]
[Black "Phelippot, Gabriel"]
[Result "0-1"]
[WhiteElo "1199"]
[BlackElo "1199"]
[Annotator "Rivier,Sylvain"]
[PlyCount "74"]
[EventDate "2023.??.??"]
[WhiteTeam "La Dame Noire"]
[BlackTeam "Kamogawa Chess Club"]

{Partie écossaise} 1. e4 e5 2. Nf3 Nc6 3. d4 exd4 4. Nxd4 Qh4 5. Bd3 Nxd4 6.
g3 Qf6 7. O-O d6 8. Nc3 Bh3 9. Nd5 Qf3 10. Qxf3 Nxf3+ 11. Kh1 O-O-O 12. Rd1 Nh6
13. Be2 Ne5 14. f4 Neg4 15. Rd3 Nf2+ 16. Kg1 Nxd3 17. cxd3 f5 18. exf5 Nxf5 19.
g4 Re8 20. Bf3 Nd4 21. Be3 Nxf3+ 22. Kf2 Bxg4 23. h3 Bh5 24. Bxa7 Be7 25. Rc1
Bh4+ 26. Kg2 Re2+ 27. Kf1 Nd2+ 28. Kg1 Re1+ 29. Rxe1 Bxe1 30. b4 b6 31. a4 Kb7
32. Bxb6 cxb6 33. d4 Re8 34. Kg2 Re2+ 35. Kg1 Bf2+ 36. Kg2 Bf3+ 37. Kh2 Bxd4+
0-1

[Event "22e tournoi de Noël"]
[Site "Montigny le Bretonneux"]
[Date "2023.12.30"]
[Round "7.18"]
[White "Bouloc, Roger"]
[Black "Rauche, Michel"]
[Result "1-0"]
[WhiteElo "1335"]
[BlackElo "1308"]
[Annotator "Rivier,Sylvain"]
[PlyCount "107"]
[EventDate "2023.??.??"]
[WhiteTeam "La Dame Noire"]
[BlackTeam "C.E. Fontenay le Fleury "]

{Défense sicilienne, variante Rossolimo} 1. e4 c5 2. Nf3 Nc6 3. d4 cxd4 4.
Nxd4 g6 5. Bb5 Bg7 6. c3 e6 7. O-O Nge7 8. Bg5 f6 9. Bh4 a6 10. Be2 O-O 11. Nd2
b5 12. N2f3 Bb7 13. Qc2 Rc8 14. Nxc6 Nxc6 15. a3 Ne7 16. Qd3 Qb6 17. Rad1 d5
18. e5 Nf5 19. Bxf6 Bxf6 20. exf6 Rxf6 21. Ne5 Qc7 22. Ng4 Rf7 23. Qh3 Rcf8 24.
Bd3 Kg7 25. Rde1 Bc8 26. Bxf5 Rxf5 27. Qd3 Qc5 28. Qe3 Qxe3 29. Rxe3 a5 30. b4
a4 31. f3 Rd8 32. Ne5 Kf6 33. Nc6 Rd6 34. Nd4 Re5 35. Rxe5 Kxe5 36. Nxb5 Rc6
37. Re1+ Kf6 38. Kf2 Ba6 39. Nd4 Rd6 40. f4 Bd3 41. g4 h6 42. Kg3 Ba6 43. h4
Bc8 44. g5+ hxg5 45. hxg5+ Kg7 46. Kh4 Bd7 47. Rc1 Kf7 48. Rd1 Ke7 49. Kg3 Rb6
50. Kf3 Rb7 51. Rc1 Rc7 52. Ke3 Kd6 53. Kd3 Bc8 54. Nb5+ 1-0

[Event "22e tournoi de Noël"]
[Site "Montigny le Bretonneux"]
[Date "2023.12.30"]
[Round "7.19"]
[White "Carbonero, Jean Marc"]
[Black "Garabedian, Christophe"]
[Result "0-1"]
[WhiteElo "1009"]
[BlackElo "1199"]
[Annotator "Rivier,Sylvain"]
[PlyCount "42"]
[EventDate "2023.??.??"]
[WhiteTeam "Saint-Quentin en Yvelines"]
[BlackTeam "La Dame Noire"]

{Défense Caro-Kann, variante d'avance} 1. e4 c6 2. e5 d5 3. d4 Bf5 4. Bd3 Bg6
5. Nf3 e6 6. O-O Bb4 7. Bxg6 hxg6 8. c3 Be7 9. Ng5 Bxg5 10. Bxg5 Qxg5 11. h3
Nd7 12. f4 Qh6 13. Nd2 O-O-O 14. Nf3 Qxf4 15. Nh2 Qg5 16. Rxf7 Rxh3 17. Ng4 Qh4
18. gxh3 Qxh3 19. Rxg7 Qg3+ 20. Kh1 Ne7 21. Rxe7 Rh8+ 0-1